header

The handless maiden : (Record no. 134953)

MARC details
000 -LEADER
fixed length control field 02252nam a2200421 i 4500
001 - CONTROL NUMBER
control field ebr10782431
003 - CONTROL NUMBER IDENTIFIER
control field CaPaEBR
006 - FIXED-LENGTH DATA ELEMENTS--ADDITIONAL MATERIAL CHARACTERISTICS--GENERAL INFORMATION
fixed length control field m o d
007 - PHYSICAL DESCRIPTION FIXED FIELD--GENERAL INFORMATION
fixed length control field cr cn|||||||||
008 - FIXED-LENGTH DATA ELEMENTS--GENERAL INFORMATION
fixed length control field 040319t20052005njua ob 001 0 eng|d
020 ## - INTERNATIONAL STANDARD BOOK NUMBER
Cancelled/invalid ISBN 0691113580 (cl : alk. paper)
Cancelled/invalid ISBN 9780691130545
International Standard Book Number 9781400849321 (e-book)
040 ## - CATALOGING SOURCE
Original cataloging agency CaPaEBR
Language of cataloging eng
Description conventions rda
-- pn
Transcribing agency CaPaEBR
035 ## - SYSTEM CONTROL NUMBER
System control number (OCoLC)868970309
043 ## - GEOGRAPHIC AREA CODE
Geographic area code e-sp---
050 14 - LIBRARY OF CONGRESS CALL NUMBER
Classification number DP104
Item number .P475 2005eb
082 04 - DEWEY DECIMAL CLASSIFICATION NUMBER
Classification number 946/.04/088297
Edition number 22
100 1# - MAIN ENTRY--PERSONAL NAME
Personal name Perry, Mary Elizabeth,
Dates associated with a name 1937-
245 14 - TITLE STATEMENT
Title The handless maiden :
Remainder of title Moriscos and the politics of religion in early modern Spain /
Statement of responsibility, etc Mary Elizabeth Perry.
264 #1 - PRODUCTION, PUBLICATION, DISTRIBUTION, MANUFACTURE, AND COPYRIGHT NOTICE
Place of production, publication, distribution, manufacture Princeton, New Jersey :
Name of producer, publisher, distributor, manufacturer Princeton University Press,
Date of production, publication, distribution, manufacture, or copyright notice [2005]
Date of production, publication, distribution, manufacture, or copyright notice �2005
300 ## - PHYSICAL DESCRIPTION
Extent 1 online resource (225 pages) :
Other physical details illustrations.
336 ## - CONTENT TYPE
Content type term text
Source rdacontent
337 ## - MEDIA TYPE
Media type term computer
Source rdamedia
338 ## - CARRIER TYPE
Carrier type term online resource
Source rdacarrier
440 #0 - SERIES STATEMENT/ADDED ENTRY--TITLE
Title Jews, Christians, and Muslims from the ancient to the modern world
504 ## - BIBLIOGRAPHY, ETC. NOTE
Bibliography, etc Includes bibliographical references (pages [181]-195) and index.
505 0# - FORMATTED CONTENTS NOTE
Formatted contents note Introduction : from the shadows -- Memories, myths, and the handless maiden -- Madalena's bath -- Dangerous domesticity -- With stones and roasting spits -- Patience and perseverence -- The castigation of Carcayona -- Warehouse children, mixed legacies, and contested identities.
588 ## - SOURCE OF DESCRIPTION NOTE
Source of description note Description based on print version record.
590 ## - LOCAL NOTE (RLIN)
Local note Electronic reproduction. Palo Alto, Calif. : ebrary, 2013. Available via World Wide Web. Access may be limited to ebrary affiliated libraries.
650 #0 - SUBJECT ADDED ENTRY--TOPICAL TERM
Topical term or geographic name as entry element Moriscos
Geographic subdivision Spain
General subdivision History.
Topical term or geographic name as entry element Muslim women
Geographic subdivision Spain
General subdivision History.
655 #0 - INDEX TERM--GENRE/FORM
Genre/form data or focus term Electronic books.
776 08 - ADDITIONAL PHYSICAL FORM ENTRY
Display text Print version:
Main entry heading Perry, Mary Elizabeth.
Title Handless maiden : Moriscos and the politics of religion in early modern Spain.
Place, publisher, and date of publication Princeton, New Jersey : Princeton University Press, [2005]
Physical description xix, 202 pages ; 25 cm.
Series data for related item Jews, Christians, and Muslims from the ancient to the modern world
International Standard Book Number 9780691130545
Record control number (OCoLC)ocm54865327
-- (DLC) 2004044675
797 2# - LOCAL ADDED ENTRY--CORPORATE NAME (RLIN)
Corporate name or jurisdiction name as entry element ebrary.
856 40 - ELECTRONIC LOCATION AND ACCESS
Uniform Resource Identifier <a href="http://site.ebrary.com/lib/rucke/Doc?id=10782431">http://site.ebrary.com/lib/rucke/Doc?id=10782431</a>
Public note An electronic book accessible through the World Wide Web; click to view

No items available.

© 2026 Rongo University
Contact us: librarian | system librarian | Rongo university